| 000 | 01135nam a22003017a 4500 | ||
|---|---|---|---|
| 003 | DO-SdBNP | ||
| 005 | 20240229073833.0 | ||
| 007 | ta | ||
| 008 | 210825b 2019 dr 00| 0 eng d | ||
| 020 | _z9789945009798 | ||
| 040 |
_aDO-SdBNP _bspa _cBNPHU |
||
| 082 | 4 |
_a306.097293 _bA333d _222 |
|
| 100 | 1 |
_aAlbert Batista, Celsa, _d1942- _930639 |
|
| 245 | 1 | 0 |
_aDiversidad e identidad en República Dominicana / _cCelsa Albert Batista ; prólogo Mateo Morrison. |
| 250 | _a5ta. ed. | ||
| 260 |
_aSanto Domingo : _bEditora Nacional , _aEdiciones INDAASEL , _aUniversidad Católica Santo Domingo, UCSD ; _c2019. |
||
| 300 |
_a139 p. : _bil., mapas ; _c22 cm. |
||
| 500 | _aIncluye datos biográficos de la autora en las solapas. | ||
| 500 | _aIncluye referencias bibliográficas y notas al pie de las páginas. | ||
| 504 | _aBibliografía : p. 127 -139 | ||
| 590 | _aInventariado, 2019/BT | ||
| 650 | 1 | 4 |
_aIdentidad cultural _zRepública Dominicana _91946 |
| 650 | 1 | 4 |
_aEtnicidad _zRepública Dominicana _97738 |
| 650 | 1 | 4 |
_aMulticulturismo _972662 |
| 700 | 1 |
_aMorrison, Mateo, _d1947- _epról. _91469 |
|
| 910 | _aBtavárez | ||
| 942 |
_2ddc _cLBS1 |
||
| 999 |
_c50276 _d50276 |
||